Normal view
MARC view
Entry Geographic Name
001 - CONTROL NUMBER
- control field: 42196
003 - CONTROL NUMBER IDENTIFIER
- control field: ARRUPE
005 - DATE AND TIME OF LATEST TRANSACTION
- control field: 20180914112513.0
008 - FIXED-LENGTH DATA ELEMENTS
- fixed length control field: 180914|| aca||aabn | a|a d
040 ## - CATALOGING SOURCE
- Original cataloging agency: ARRUPE
- Transcribing agency: ARRUPE
151 ## - HEADING--GEOGRAPHIC NAME
- Geographic name: France
- General subdivision: Kings and rulers
- Form subdivision: Biography
- General subdivision: History and criticism.
670 ## - SOURCE DATA FOUND
- Source citation: Work cat.: (ARRUPE)0: Ellis, Geoffrey James. 42191, The Napoleonic empire /, 2003.